| 000 | 00725nam a2200205 4500 | ||
|---|---|---|---|
| 005 | 20240530110540.0 | ||
| 008 | 160507s2013 ua a|||g ||||f00| 0da d | ||
| 020 | _a9789774481857 | ||
| 040 | _aEG-CaGPL | ||
| 082 | 0 | 4 |
_a741.6 / _bش م _221 |
| 100 | 0 | _aشريف عبدالمجيد | |
| 245 | 1 | 0 |
_aمكملين / _cشريف عبدالمجيد. |
| 246 | 3 | 4 | _aحكاية ثورة الجرافيتي 2 |
| 260 |
_aالقاهرة : _bالهيئة المصرية العامة للكتاب، _c2013. |
||
| 300 |
_a104 ص : _bايض ؛ _c21 سم. |
||
| 650 | 0 | 4 | _aالرسوم الجرافيتية |
| 651 | 0 | 4 |
_aمصر _xتاريخ _yثورة 25 يناير 2011 |
| 942 |
_2ddc _cBK |
||
| 999 |
_c62235 _d62235 |
||